[Event "Swiss Queens Wed #8"]
[Site "FIDE Online Arena INT"]
[Date "2024.03.20"]
[Round "2"]
[White "Bauyrzhan, Arnash"]
[Black "Batsiashvili, Nino"]
[Result "0-1"]
[WhiteElo "2029"]
[BlackElo "2450"]
[PlyCount "64"]
[EventDate "2024.03.20"]
[EventType "swiss (blitz)"]
[EventRounds "11"]
[EventCountry "NET"]
[SourceTitle "CB13_2024"]
[SourceDate "2024.03.27"]
[SourceVersion "1"]
[SourceVersionDate "2024.03.27"]
[SourceQuality "1"]

1. e4 c6 2. d4 d5 3. exd5 cxd5 4. c3 Nc6 5. Bd3 Qc7 6. Nf3 e6 7. 0-0 Bd6 8. h3 Nge7 9. Qe2 Bd7 10. a4 Ng6 11. Na3 a6 12. Nc2 Nf4 13. Bxf4 Bxf4 14. Rfe1 0-0 15. Ne3 Na5 16. Ng4 f6 17. g3 Bd6 18. Kg2 Nc4 19. Ne3 b5 20. Nxc4 bxc4 21. Bb1 Rab8 22. Qc2 g6 23. h4 Qb7 24. Ra2 Qb3 25. h5 Qxc2 26. Bxc2 Kg7 27. Rh1 g5 28. Rb1 h6 29. b3 cxb3 30. Bxb3 Rfc8 31. Rc2 Bxa4 32. Rcb2 Be8 0-1

[Event "Swiss Queens Wed #8"]
[Site "FIDE Online Arena INT"]
[Date "2024.03.20"]
[Round "10"]
[White "Bauyrzhan, Arnash"]
[Black "Mariano, Christine Rose"]
[Result "1-0"]
[WhiteElo "2029"]
[BlackElo "1931"]
[PlyCount "125"]
[EventDate "2024.03.20"]
[EventType "swiss (blitz)"]
[EventRounds "11"]
[EventCountry "NET"]
[SourceTitle "CB13_2024"]
[SourceDate "2024.03.27"]
[SourceVersion "1"]
[SourceVersionDate "2024.03.27"]
[SourceQuality "1"]

1. e4 f5 2. exf5 Nf6 3. d4 d5 4. Bd3 Nc6 5. Nf3 e6 6. fxe6 Bxe6 7. 0-0 Bd6 8. Re1 Ne4 9. Bxe4 dxe4 10. Rxe4 Qf6 11. d5 0-0-0 12. Rxe6 Qxe6 13. Bg5 Qxd5 14. Nbd2 Rd7 15. c4 Qd3 16. Qa4 h6 17. Be3 Bb4 18. Ne5 Nxe5 19. Qxa7 Nc6 20. Qa8+ Nb8 21. Ba7 Kd8 22. Qxb8+ Ke7 23. Qxh8 Qxd2 24. Qxg7+ Ke8 25. Qg6+ Kf8 26. Rf1 Bd6 27. Be3 Qxb2 28. Bxh6+ Ke7 29. Re1+ Be5 30. Bf4 Rd1 31. Qe4 Rxe1+ 32. Qxe1 Kf6 33. Bxe5+ Qxe5 34. Qxe5+ Kxe5 35. h4 c5 36. h5 Kf5 37. g4+ Kg5 38. f4+ Kh6 39. Kg2 b6 40. Kg3 b5 41. cxb5 c4 42. Kf3 c3 43. Ke2 c2 44. Kd2 c1Q+ 45. Kxc1 Kg7 46. b6 Kf6 47. b7 Ke6 48. b8Q Kd5 49. Qe8 Kd4 50. a4 Kd3 51. a5 Kc3 52. a6 Kc4 53. a7 Kc3 54. a8N Kc4 55. h6 Kc3 56. h7 Kd3 57. h8Q Kc4 58. Qg7 Kd3 59. Qgd7+ Kc4 60. Qec8+ Kb3 61. Qdb7+ Ka4 62. Qcc6+ Ka5 63. Qca6# 1-0

[Event "Swiss Queens Wed #7"]
[Site "FIDE Online Arena INT"]
[Date "2024.03.13"]
[Round "5"]
[White "Nevska, Gerda"]
[Black "Bauyrzhan, Arnash"]
[Result "0-1"]
[WhiteElo "1872"]
[BlackElo "2029"]
[PlyCount "58"]
[EventDate "2024.03.13"]
[EventType "swiss (blitz)"]
[EventRounds "11"]
[EventCountry "NET"]
[SourceTitle "CB12_2024"]
[SourceDate "2023.10.01"]
[SourceVersion "1"]
[SourceVersionDate "2023.10.01"]
[SourceQuality "1"]

1. e4 c5 2. b4 e6 3. bxc5 Bxc5 4. d4 Be7 5. Nf3 d6 6. Bb5+ Bd7 7. Bxd7+ Qxd7 8. 0-0 Nf6 9. Nbd2 0-0 10. c4 Qc6 11. d5 exd5 12. exd5 Qc7 13. Nd4 Nbd7 14. Re1 Ne5 15. Nf5 Rfe8 16. Ba3 Bf8 17. Qa4 g6 18. Nd4 Bh6 19. N2f3 Qxc4 20. Qxc4 Nxc4 21. Bc1 Rxe1+ 22. Nxe1 Bg7 23. Nb5 Nxd5 24. Rb1 Re8 25. Nf3 a6 26. Nbd4 Bxd4 27. h4 Bb6 28. Bg5 Nc3 29. Rc1 Ne2+ 0-1

[Event "Swiss Queens Wed #6"]
[Site "FIDE Online Arena INT"]
[Date "2024.03.06"]
[Round "5"]
[White "Tripurambika, V."]
[Black "Bauyrzhan, Arnash"]
[Result "0-1"]
[WhiteElo "1626"]
[BlackElo "2029"]
[PlyCount "58"]
[EventDate "2024.03.06"]
[EventType "swiss (blitz)"]
[EventRounds "11"]
[EventCountry "NET"]
[SourceTitle "CB11_2024"]
[SourceDate "2024.03.13"]
[SourceVersion "1"]
[SourceVersionDate "2024.03.13"]
[SourceQuality "1"]

1. d4 d5 2. Nc3 Nf6 3. Bf4 e6 4. e3 Bd6 5. Bg3 0-0 6. Nf3 c5 7. Be2 a6 8. 0-0 Qc7 9. a4 Nbd7 10. Bxd6 Qxd6 11. Re1 cxd4 12. exd4 Ne4 13. Bd3 f5 14. Nd2 Ndf6 15. f3 Nxc3 16. bxc3 Bd7 17. Nb3 Rae8 18. Nc5 Bc8 19. Rb1 Re7 20. a5 e5 21. Rb6 Qc7 22. Nb3 e4 23. fxe4 fxe4 24. Bf1 Ng4 25. g3 Qxc3 26. Re2 Ref7 27. Bg2 Ne3 28. Qd2 Rf1+ 29. Bxf1 Rxf1# 0-1

[Event "Swiss Queens Wed #5"]
[Site "FIDE Online Arena INT"]
[Date "2024.02.28"]
[Round "10"]
[White "Bauyrzhan, Arnash"]
[Black "Devanshi, Rathi"]
[Result "1-0"]
[WhiteElo "2029"]
[BlackElo "1559"]
[PlyCount "55"]
[EventDate "2024.02.28"]
[EventType "swiss (blitz)"]
[EventRounds "11"]
[EventCountry "NET"]
[SourceTitle "CB10_2024"]
[SourceDate "2024.03.06"]
[SourceVersion "1"]
[SourceVersionDate "2024.03.06"]
[SourceQuality "1"]

1. e4 e5 2. Nf3 Nc6 3. d4 exd4 4. Bc4 d6 5. 0-0 Be7 6. Nxd4 Nf6 7. Nc3 0-0 8. h3 Nxd4 9. Qxd4 Be6 10. Bd3 Nd7 11. Qe3 Ne5 12. f4 Nxd3 13. cxd3 b6 14. f5 Bc8 15. Nd5 Bb7 16. Nxe7+ Qxe7 17. f6 Qe5 18. fxg7 Qxg7 19. Rf3 Kh8 20. Bd2 f5 21. Bc3 Rf6 22. Bxf6 Qxf6 23. Rxf5 Qxb2 24. Raf1 Rg8 25. R1f2 Qb1+ 26. Kh2 Bc8 27. Qd4+ Rg7 28. Rf8# 1-0

[Event "Swiss Queens Wed #3"]
[Site "FIDE Online Arena INT"]
[Date "2024.02.14"]
[Round "7"]
[White "Bauyrzhan, Arnash"]
[Black "Vifleemskaia, Svetlana"]
[Result "1/2-1/2"]
[WhiteElo "2029"]
[BlackElo "1903"]
[PlyCount "109"]
[EventDate "2024.02.14"]
[EventType "swiss (blitz)"]
[EventRounds "11"]
[EventCountry "NET"]
[SourceTitle "CB08_2024"]
[SourceDate "2024.02.21"]
[SourceVersion "1"]
[SourceVersionDate "2024.02.21"]
[SourceQuality "1"]

1. e4 e5 2. Nf3 Nc6 3. d4 exd4 4. Bc4 Nf6 5. 0-0 Nxe4 6. Re1 d5 7. Bxd5 Qxd5 8. Nc3 Qa5 9. Nxe4 Be6 10. Bd2 Qd5 11. Bg5 h6 12. Bf6 Rg8 13. Nxd4 Nxd4 14. Qxd4 Qxd4 15. Bxd4 0-0-0 16. Rad1 b6 17. b3 Be7 18. c4 c5 19. Be5 Rxd1 20. Rxd1 f6 21. Bg3 Rd8 22. Rxd8+ Kxd8 23. Nc3 Kc8 24. Kf1 Kb7 25. Ke2 a6 26. Ne4 Kc6 27. f3 f5 28. Nc3 Bf6 29. Kd2 g5 30. Bf2 b5 31. cxb5+ axb5 32. Kc2 h5 33. a4 bxa4 34. Nxa4 c4 35. bxc4 Bxc4 36. Nb2 Bf1 37. g3 Bxb2 38. Kxb2 Kd5 39. f4 g4 40. Kc3 Ke4 41. Kd2 Kf3 42. Bd4 Kg2 43. Bf6 Kxh2 44. Bh4 Kh3 45. Ke3 Kg2 46. Kd4 Kf3 47. Ke5 Bd3 48. Kf6 Be4 49. Kg5 Bd3 50. Kxh5 Be4 51. Kg5 Bd3 52. Kf6 Be4 53. Kg5 Bd3 54. Kf6 Be4 55. Kg5 1/2-1/2

[Event "Swiss Queens Wed #3"]
[Site "FIDE Online Arena INT"]
[Date "2024.02.14"]
[Round "1"]
[White "Osmak, Iulija"]
[Black "Bauyrzhan, Arnash"]
[Result "1-0"]
[WhiteElo "2452"]
[BlackElo "2029"]
[PlyCount "47"]
[EventDate "2024.02.14"]
[EventType "swiss (blitz)"]
[EventRounds "11"]
[EventCountry "NET"]
[SourceTitle "CB08_2024"]
[SourceDate "2024.02.21"]
[SourceVersion "1"]
[SourceVersionDate "2024.02.21"]
[SourceQuality "1"]

1. b4 Nf6 2. Bb2 e6 3. b5 Be7 4. e3 0-0 5. Nf3 c6 6. c4 cxb5 7. cxb5 d5 8. Be2 Bd7 9. 0-0 a6 10. a4 axb5 11. axb5 Rxa1 12. Bxa1 Qb6 13. Nc3 Ne4 14. Qb1 f5 15. Nxe4 fxe4 16. Bd4 Qa5 17. Bc3 Qb6 18. Ne5 Bf6 19. f3 Rc8 20. Bd4 Qa5 21. fxe4 Qxd2 22. Bf3 Bxe5 23. Bxe5 Qxe3+ 24. Kh1 1-0

[Event "Titled Tuesday intern op 13th Feb Early"]
[Site "Chess.com INT"]
[Date "2024.02.13"]
[Round "6"]
[White "Bauyrzhan, Arnash"]
[Black "Murthy, Pappu LN"]
[Result "0-1"]
[WhiteElo "2029"]
[BlackElo "1821"]
[PlyCount "54"]
[EventDate "2024.02.13"]
[EventType "swiss (blitz)"]
[EventRounds "11"]
[EventCountry "USA"]
[SourceTitle "CB08_2024"]
[SourceDate "2024.02.21"]
[SourceVersion "1"]
[SourceVersionDate "2024.02.21"]
[SourceQuality "1"]

1. e4 e6 2. d4 d5 3. Nd2 Nc6 4. Ngf3 Nf6 5. e5 Nd7 6. Bd3 f6 7. exf6 Qxf6 8. 0-0 Nb4 9. Bb5 c5 10. c3 Nc6 11. Re1 Bd6 12. Nf1 0-0 13. Bd3 cxd4 14. Bg5 Qf7 15. cxd4 Kh8 16. Be3 Bf4 17. Rc1 e5 18. dxe5 Ndxe5 19. Nxe5 Nxe5 20. Bxf4 Qxf4 21. Bxh7 Qxf2+ 22. Kh1 Bg4 23. Qxd5 Nf3 24. Ne3 Nxe1 25. h3 Bf3 26. gxf3 Nxf3 27. Qd6 Qxe3 0-1